| 000 | 00455cam a2200181ua 4500 | ||
|---|---|---|---|
| 020 | _c2.50 | ||
| 041 |
_amal _h |
||
| 082 |
_a894.81209 _bKUN/SA |
||
| 100 | _aKunhanpillai, Sooranattu . | ||
| 245 |
_aSahithya pravesika / _cSooranattu Kunhanpillai. _hTextual Documents |
||
| 250 |
_a10 / _b. |
||
| 260 |
_aTrivandrum : _bGovindapillai P , _c1965. |
||
| 300 | _a231 ; . | ||
| 365 | _a2.50 | ||
| 504 | _a | ||
| 942 | _cBK | ||
| 999 |
_c12587 _d12587 |
||